000 00530nam a2200181Ia 4500
008 191130s1996##################000#0#eng##
020 _a406065020
040 _aACL
_cACL
082 _a348.4204 VAN
245 _aThe all England law reports 1996
_cedited by Caroline vandridge-ames LLM
260 _aLondon
_bButterworth & Co
_c1996
300 _a1056 p.; 23 cm.
650 _aLaw- Reports
700 _aVandridge Ames, Caroline
990 _a31174b3bac10000c77879bde02d69440
991 _a403645
999 _c292584
_d292584